| 000 | 01451cam a22003855i 4500 | ||
|---|---|---|---|
| 999 |
_c332494 _d332494 |
||
| 001 | 19494441 | ||
| 003 | NUST | ||
| 005 | 20171211100948.0 | ||
| 008 | 170214s2016 pk b 001 0 eng | ||
| 010 | _a 2017336074 | ||
| 020 | _a9789697576050 | ||
| 025 | _aP-E-2017336074; 33 | ||
| 037 | _bLibrary of Congress -- Islamabad Overseas Office | ||
| 040 |
_aDLC _beng _cDLC _erda |
||
| 042 | _alcode | ||
| 043 | _aa-pk--- | ||
| 050 | 0 | 0 |
_aBP173.6 _bA495 2016+ |
| 082 |
_a297.1977 _bAMI |
||
| 100 | 1 |
_aAmin, Husnul, _eauthor. _97105 |
|
| 245 | 1 | 0 |
_aPost-Islamism : _bPakistan in the era of neoliberal globalization / _cHusnul Amin. |
| 250 | _aIst edition. | ||
| 264 | 1 |
_aIslamabad : _bIqbal International Institute for Research and Dialogue : _bInternational Islamic University, _c2016. |
|
| 300 |
_axi, 198 pages ; _c25 cm |
||
| 336 |
_atext _btxt _2rdacontent |
||
| 337 |
_aunmediated _bn _2rdamedia |
||
| 338 |
_avolume _bnc _2rdacarrier |
||
| 504 | _aIncludes bibliographical references (pages 161-178) and index. | ||
| 650 | 0 |
_aIslam and state. _9292 |
|
| 650 | 0 |
_aIslam and state _zPakistan. _97106 |
|
| 650 | 0 |
_aSecularism _zPakistan. _97107 |
|
| 651 | 0 |
_aPakistan _xPolitics and government _y21st century. _91623 |
|
| 710 | 2 |
_aIqbal International Institute for Research and Dialogue. _97108 |
|
| 710 | 2 |
_aInternational Islamic University (Islāmābād, Pakistan) _97109 |
|
| 906 |
_a7 _bibc _corigode _d3 _encip _f20 _gy-gencatlg |
||
| 942 |
_2ddc _cBK |
||